Geography Quiz

Random Geography or City Quiz

California Cities Quiz Stats

 Plays Quiz Updated Apr 9, 2018

Score 0/20 Timer 06:00
19 Plays Today
Rank City % Correct
1Los Angeles
98.8%
4San Francisco
96%
2San Diego
94.7%
6Sacramento
86.7%
3San Jose
73.3%
8Oakland
73.1%
10Anaheim
53.5%
5Fresno
50.6%
7Long Beach
44.1%
9Bakersfield
41.8%
Rank City % Correct
12Riverside
37.7%
15Irvine
30.9%
11Santa Ana
27.3%
13Stockton
26.8%
17San Bernardino
24.8%
18Modesto
23.2%
16Fremont
17.8%
14Chula Vista
16.1%
20Oxnard
7.8%
19Fontana
4.3%

You're not logged in!

Compare scores with friends on all Sporcle quizzes.
OR
Log In

Sporcle TV

Today on Sporcle TV


Watch our educational content, quiz creation guides, and fun videos on Sporcle TV.

Show Comments

Extras

Top Quizzes Today


Score Distribution

Your Account Isn't Verified!

In order to create a playlist on Sporcle, you need to verify the email address you used during registration. Go to your Sporcle Settings to finish the process.

Report this User

Report this user for behavior that violates our Community Guidelines.

Details: